Minor elements in American coals (Record no. 30307)

MARC details
000 -LEADER
fixed length control field 01414cam a2200289 4500
001 - CONTROL NUMBER
control field gs 67000157
003 - CONTROL NUMBER IDENTIFIER
control field DLC
005 - DATE AND TIME OF LATEST TRANSACTION
control field 20260227111420.0
008 - FIXED-LENGTH DATA ELEMENTS--GENERAL INFORMATION
fixed length control field 690606m19611967dcuab b 00010 eng c
010 ## - LIBRARY OF CONGRESS CONTROL NUMBER
LC control number gs 67000157 //r85
040 ## - CATALOGING SOURCE
Original cataloging agency U.S. Geological Survey Library
050 1# - LIBRARY OF CONGRESS CALL NUMBER
Classification number QE75
Item number .B9 no. 1117
100 10 - MAIN ENTRY--PERSONAL NAME
Personal name Zubovic, Peter,
Dates associated with a name 1915-
245 10 - TITLE STATEMENT
Title Minor elements in American coals
Statement of responsibility, etc. [by Peter Zubovic, Taisia Stadnichenko, and Nola B. Sheffey]
260 0# - PUBLICATION, DISTRIBUTION, ETC.
Place of publication, distribution, etc. Washington,
Name of publisher, distributor, etc. U.S. Govt. Print. Off.
Date of publication, distribution, etc. [1961-1967]
300 ## - PHYSICAL DESCRIPTION
Extent 1 v. (various pagings)
Other physical details illus., maps.
Dimensions 24 cm.
490 1# - SERIES STATEMENT
Series statement United States. Geological Survey. Bulletin
Volume/sequential designation 1117
500 ## - GENERAL NOTE
General note Part of illustrative matter folded in pocket.
500 ## - GENERAL NOTE
General note Issued as separate chapters A-D.
504 ## - BIBLIOGRAPHY, ETC. NOTE
Bibliography, etc. note Includes bibliographies.
505 0# - FORMATTED CONTENTS NOTE
Formatted contents note A. Geochemistry of minor elements in coals of the Northern Great Plains coal province.--B. Distribution of minor elements in coal beds of the Eastern Interior region.--C. Distribution of minor elements in coals of the Appalachian region.--D. Distribution of minor elements in some coals in the Western and Southwestern regions of the Interior coal province.
650 #0 - SUBJECT ADDED ENTRY--TOPICAL TERM
Topical term or geographic name entry element Coal
Geographic subdivision United States.
650 #0 - SUBJECT ADDED ENTRY--TOPICAL TERM
Topical term or geographic name entry element Coal
General subdivision Analysis.
700 10 - ADDED ENTRY--PERSONAL NAME
Personal name Stadnichenko, Taisia Maximovna,
Dates associated with a name 1894-1958,
Relator term joint author.
700 10 - ADDED ENTRY--PERSONAL NAME
Personal name Sheffey, Nola B.,
Dates associated with a name 1929-
Relator term joint author.
830 #0 - SERIES ADDED ENTRY--UNIFORM TITLE
Uniform title Geological Survey bulletin ;
Volume/sequential designation 1117.

No items available.

Powered by Koha